Plan de estudios: Licenciatura en Educación Primaria

সংরক্ষণ করুন:
গ্রন্থ-পঞ্জীর বিবরন
সংস্থা লেখক: Secretaría de Educación Pública (Author)
বিন্যাস: গ্রন্থ
ভাষা:স্প্যানিশ
প্রকাশিত: Ciudad de México SEP 1997
সংস্করন:1a. ed
বিষয়গুলি:
ট্যাগগুলো: ট্যাগ যুক্ত করুন
কোনো ট্যাগ নেই, প্রথমজন হিসাবে ট্যাগ করুন!

MARC

LEADER 00000nam a2200000 a 4500
001 UCJ9373
003 CL-VaPUC
008 070316e19970000MX |||||||||||||||||spa|d
020 |a 9701801644 
082 0 4 |a 372.19  |b SEC  |2 21 
110 2 |a Secretaría de Educación Pública  |e author  |9 519346 
245 1 0 |a Plan de estudios: Licenciatura en Educación Primaria 
246 1 0 |a Programa para la transformación y el fortalecimiento académicos de las escuelas normales 
250 |a 1a. ed 
300 |a 94 p 
942 |c BK 
945 |d 20070316 00:00:00  |a cmena 
260 |a Ciudad de México  |b SEP  |c 1997 
650 0 |a Educación básica   |9 224933 
650 0 |a Planificación del currículo  |9 269599 
650 0 |a Métodos de enseñanza  |9 270413 
650 0 |a Formación profesional de profesores  |9 307493 
650 0 |a Reforma educacional   |9 256319 
583 |a last modification  |c 20070316 00:00:00  |k Rodrigo Vera 
999 |c 324903  |d 324901 
952 |0 0  |1 0  |4 0  |6 372_190000000000000_SEC_1997  |7 0  |8 A  |9 405289  |a BIBEDU  |b BIBEDU  |d 2019-11-22  |i 4323998  |o 372.19 SEC 1997  |p 4323998  |r 2019-11-22  |w 2019-11-22  |y BK  |k EBA 
952 |0 0  |1 0  |4 0  |6 372_190000000000000_SEC_1997  |7 0  |8 A  |9 405290  |a BIBEDU  |b BIBEDU  |d 2019-11-22  |i 4324005  |o 372.19 SEC 1997  |p 4324005  |r 2019-11-22  |w 2019-11-22  |y BK  |k EBA